000 00841nam a22002297a 4500
005 20220822091831.0
008 130821s1998 enka gr eng
020 _a0521430178
040 _aCo-BoUCM
_bspa
_cDeissy Garcia (modificó)
_d[Nuevo]
041 0 0 _aeng
100 1 _aWenger, Etienne
_d1952-
_9144377
245 1 0 _aCommunities of practice learning, meaning, and identity
_cEtienne Wenger
260 _aCambridge (Inglaterra)
_bCambridge University Press
_c1998
300 _axv, 318 páginas
_bilustraciones
490 0 _aLearning in doing
650 0 4 _aAprendizaje organizacional
_99264
650 0 4 _aSocialización
_924714
650 0 4 _aSociología
_9386
856 4 1 _3Table of contents
_uhttp://www.loc.gov/catdir/toc/cam026/98202423.html
942 _cLIBRO
_a5
_e1
_mW474
_2DEWEY
_h300
_n0
999 _c89466
_d89466